000 nam a22 7a 4500
999 _c3647
_d3647
005 20170523143507.0
008 170523b1981 ny ||||| |||| 00| 0 eng d
020 _a 0442287992
040 _aAKMAL
082 _a693.852 GRE
090 _a693.852
_bGRE
100 1 _aGreen, Norman B.
_97213
245 1 0 _a Earthquake resistant building design and construction /
_c Norman B. Green.
250 _a2d ed.
260 _aNew York :
_bVan Nostrand Reinhold,
_cc1981
300 _axi, 197 p. :
_b ill. ;
_c24 cm
504 _aIncludes bibliographical references and index.
650 0 _a Buildings
_xEarthquake effects
_97214
650 0 _aEarthquake resistant design
_97215
942 _2ddc
_cBOOK